Individual rights in constitutional law / (Record no. 6874)
[ view plain ]
| 000 -LEADER | |
|---|---|
| fixed length control field | 00626cam a2200181 a 4500 |
| 020 ## - INTERNATIONAL STANDARD BOOK NUMBER | |
| International Standard Book Number | 0882779664 |
| 050 00 - LIBRARY OF CONGRESS CALL NUMBER | |
| Classification number | KF4748 |
| Item number | .G8 1992 |
| 100 1# - MAIN ENTRY--PERSONAL NAME | |
| Personal name | Gunther, Gerald, |
| Dates associated with a name | 1927- |
| 245 10 - TITLE STATEMENT | |
| Title | Individual rights in constitutional law / |
| Statement of responsibility, etc. | by Gerald Gunther. |
| 250 ## - EDITION STATEMENT | |
| Edition statement | 5th ed. |
| 260 ## - PUBLICATION, DISTRIBUTION, ETC. (IMPRINT) | |
| Place of publication, distribution, etc. | Westbury, N.Y. : |
| Name of publisher, distributor, etc. | Foundation Press, |
| Date of publication, distribution, etc. | 1992. |
| 300 ## - PHYSICAL DESCRIPTION | |
| Extent | xci, 1346 p. ; |
| 500 ## - GENERAL NOTE | |
| General note | "Reprinted in part from Gunther's constitutional law, twelfth edition, c1991"--T.p. verso. |
| 500 ## - GENERAL NOTE | |
| General note | Kept up to date by supplement which also updates Constitutional law, 12th ed. |
| 500 ## - GENERAL NOTE | |
| General note | Includes index. |
| 650 #0 - SUBJECT ADDED ENTRY--TOPICAL TERM | |
| General subdivision | Cases. |
| 942 ## - ADDED ENTRY ELEMENTS (KOHA) | |
| Source of classification or shelving scheme | Library of Congress Classification |
| Koha item type | General circulation |
| Withdrawn status | Lost status | Source of classification or shelving scheme | Damaged status | Not for loan | Home library | Current library | Shelving location | Date acquired | Total Checkouts | Full call number | Barcode | Date last seen | Price effective from | Koha item type |
|---|---|---|---|---|---|---|---|---|---|---|---|---|---|---|
| Library of Congress Classification | Main Campus Library | Main Campus Library | General Stacks | 23/07/2015 | KF4748 .G8 1992 | 2015/004049 | 23/07/2015 | 23/07/2015 | General circulation |